000 06989cam a22019454i 4500
003 PE-LiUPU
005 20250813165419.0
008 150706s2009 mx a r 000 0 spa d
020 _a9681841662
020 _a9789681841669
035 _a(Sirsi) i9789681841669
040 _aPE-LiUPU
_bspa
_cPE-LiUPU
_dPE-LiUPU
_erda
049 _aPRUA
082 0 4 _a657.42
_bN47
_221
100 1 _aNeuner, John Joseph William,
_d1900-,
_eautor.
245 1 0 _aContabilidad de costos :
_bsoluciones de los problemas respuestas a las preguntas y guía de estudio.
_n2 /
_cJohn J.W. Neuner y Edward B. Deakin III.
264 1 _aMéxico :
_bLimusa,
_c2009.
300 _axii, 647 páginas :
_bilustraciones ;
_c24 centímetros
336 _atext
_2rdacontent
337 _aunmediated
_2rdamedia
338 _avolume
_2rdacarrier
505 0 _aAspectos administrativos y de organización de la contabilidad de costos -- Determinación del costo por órdenes de trabajo -- Determinación del costo por procesos (I, II). -Contabilidad de productos conjuntos y subproductos -- Procesamiento electrónico de datos para la acumulación de costos, informes y control -- Contabilidad de los materiales -- Determinación de los costos de mano de obra -- Costos por gastos indirectos aplicados a los objetivos del costo. -Contabilización de los costos de gastos indirectos de fabricación reales -- Contabilidad del costo estándar. Materiales y mano de obra -- Contabilidad del costo estándar. Gastos indirectos de fabricación -- Consideraciones especiales en la contabilidad de costos estándar -- Planeación administrativa mediante el presupuesto -- Informes a la dirección para el control y evaluación del funcionamiento -- Análisis del comportamiento de los costos -- Costeo directo -- Problemas especiales en el análisis y control de los inventarios. -Análisis del costo de distribución -- Planeación de la utilidad mediante el análisis del costo- volumen- utilidad (CVU) -- Técnicas de la ciencia de la administración en la planeación del costo -- Análisis de los costos para fines especiales -- Análisis del costo en organizaciones no lucrativas -- Resolución de casos especiales de aplicación de costos.
526 _aP203
526 _aP200
526 _aSEG65
526 _aSEG64
526 _aSEG63
526 _aSEG62
526 _aSEG61
526 _aSEG60
526 _aSEG59
526 _aSEG58
526 _aSEG57
526 _aSEG56
526 _aSEG55
526 _aSEG54
526 _aSEG53
526 _aSEG52
526 _aSEG51
526 _aSEG50
526 _aSEG49
526 _aSEG48
526 _aSEG47
526 _aSEG46
526 _aSEG24
526 _aSEG23
526 _aSEG22
526 _aSEG21
526 _aSEG20
526 _aSEG19
526 _aSEG18
526 _aSEG17
526 _aSEG16
526 _aSEG14
526 _aSEG13
526 _aSEG12
526 _aSEG11
526 _aSEG10
526 _aSEG09
526 _aSEG06
526 _aSEG05
526 _aSEG04
526 _aSEG03
526 _aSEG02
526 _aSEG68
526 _aSEG66
526 _aSEG45
526 _aSEG25
526 _aSEG01
526 _aP163
526 _aP162
526 _aP161
526 _aP160
526 _aP159
526 _aP158
526 _aP157
526 _aP156
526 _aP155
526 _aP154
526 _aP153
526 _aP152
526 _aP151
526 _aP150
526 _aP149
526 _aP142
526 _aP141
526 _aP140
526 _aP139
526 _aP138
526 _aP137
526 _aP132
526 _aP131
526 _aP130
526 _aP126
526 _aP125
526 _aP124
526 _aP123
526 _aP115
526 _aP122
526 _aP121
526 _aP116
526 _a P114
526 _aP112
526 _aP111
526 _aP104
526 _aP103
526 _aP102
526 _aP101
526 _aP100
526 _aP96
526 _aP95
526 _aP93
526 _aP92
526 _aP91
526 _aP88
526 _aP83
526 _aP82
526 _aP79
526 _aP78
526 _aP75
526 _aP74
526 _aP71
526 _aP69
526 _a P51
526 _aP49
526 _aP48
526 _aP47
526 _aP33
526 _aP31
526 _a P30
526 _aP29
526 _aP27
526 _aP26
526 _aP25
526 _aP24
526 _a P22
526 _aP10
526 _aP09
526 _a P08
526 _aP06
526 _aP05
526 _aP04
526 _aP01
541 _g001-0036504;
650 0 4 _aContabilidad de costos.
700 1 _aCoro Pando, Julio,
_etraductor.
700 1 _aDeakin, Edward B.,
_eautor.
910 _agl
_cfsr
_d20121220
942 _2ddc
_cBOOK
949 _a657.4 N39 2
_wDEWEY
_c1
_i35181
_lDISCARD
_mBUL
_r0
_sY
_tBOOK
_u2015-4-21
_xFCE
_zUNKNOWN
_0COMPRA
_o.STAFF. Colección General
949 _a657.4 N39 2 2009
_wDEWEY
_c1
_iFJ01582
_lCCODEBUJ1
_mBUJ
_p22.00
_r0
_sY
_tBOOK
_u2015-12-16
_xFCE
_PP08
_0COMPRA
_o.STAFF. Colección General Juliaca
949 _a657.4 N39 2
_wDEWEY
_c2
_i10080
_lDISCARD
_mBUL
_r0
_sY
_tBOOK
_u2015-4-21
_xFCE
_zUNKNOWN
_0COMPRA
_o.STAFF. Colección General
949 _a657.4 N39 2
_wDEWEY
_c3
_i10081
_lDISCARD
_mBUL
_r0
_sY
_tBOOK
_u2015-4-21
_xFCE
_zUNKNOWN
_0COMPRA
_o.STAFF. Colección General
949 _a657.4 N39 2
_wDEWEY
_c4
_i06380
_lDISCARD
_mBUL
_r0
_sY
_tBOOK
_u2015-4-21
_xFCE
_zUNKNOWN
_0COMPRA
_o.STAFF. Colección General
949 _a657.42 N47 2
_wDEWEY
_c1
_i66116
_d2016-6-3
_e2016-6-1
_lCCODEBUL1
_mBUL
_n1
_p50.00
_r0
_sY
_tBOOK
_u2015-7-6
_xFCE
_PP08
_0COMPRA
_o.STAFF. Colección Ciencias Empresariales
994 _aC0
_bPEPRU
596 _a1 3
999 _a657.4 N39 2
_wDEWEY
_c17821
_i35181
_lDISCARD
_mBUL
_r0
_sY
_tBOOK
_u2015-4-21
_xFCE
_zUNKNOWN
_0COMPRA
_o.STAFF. Colección General
_d17821
999 _a657.4 N39 2
_wDEWEY
_c2
_i10080
_lDISCARD
_mBUL
_r0
_sY
_tBOOK
_u2015-4-21
_xFCE
_zUNKNOWN
_0COMPRA
_o.STAFF. Colección General
999 _a657.4 N39 2
_wDEWEY
_c3
_i10081
_lDISCARD
_mBUL
_r0
_sY
_tBOOK
_u2015-4-21
_xFCE
_zUNKNOWN
_0COMPRA
_o.STAFF. Colección General
999 _a657.4 N39 2
_wDEWEY
_c4
_i06380
_lDISCARD
_mBUL
_r0
_sY
_tBOOK
_u2015-4-21
_xFCE
_zUNKNOWN
_0COMPRA
_o.STAFF. Colección General
999 _a657.42 N47 2
_wDEWEY
_c1
_i66116
_d2018-10-29
_e2017-8-24
_f2021-11-5
_g6
_lCCODEBUL1
_mBUL
_n3
_p50.00
_q7
_r0
_sY
_tBOOK
_u2015-7-6
_xFCE
_zP08
_0COMPRA
_o.STAFF. Colección Ciencias Empresariales
999 _a657.4 N39 2
_wDEWEY
_c1
_iFJ01582
_d2019-11-20
_e2017-5-23
_f2022-1-31
_g4
_lCCODEBUJ1
_mBUJ
_n1
_p22.00
_q17
_r0
_sY
_tBOOK
_u2015-12-16
_xFCE
_PP08
_0COMPRA
_o.STAFF. Colección General Juliaca
980 _81
_gALBERTO SANCHEZ Responsable de Automatización